000 01348nam a2200313 a 4500
001 ebr10497607
003 CaPaEBR
006 m u
007 cr cn|||||||||
008 111025s2011 enka s 001 0 eng d
020 _z9781849683104
020 _z9781849683111 (e-book)
040 _aCaPaEBR
_cCaPaEBR
035 _a(OCoLC)763156332
050 1 4 _aHF5548.323.O73
_bO55 2011eb
100 1 _aOnigbode, Yemi.
245 1 0 _aOracle E-business suite 12 financials cookbook
_h[electronic resource] :
_btake the hard work out of your daily interactions with e-business suite financials by using the 50+ recipes from this cookbook /
_cYemi Onigbode.
260 _aBirmingham :
_bPackt Pub.,
_c2011.
300 _aiii, 368 p. :
_bill. (some col.).
490 0 _aQuick answers to common problems
500 _aIncludes index.
533 _aElectronic reproduction.
_bPalo Alto, Calif. :
_cebrary,
_d2011.
_nAvailable via World Wide Web.
_nAccess may be limited to ebrary affiliated libraries.
630 0 0 _aOracle E-business suite.
650 0 _aElectronic commerce
_xComputer programs.
650 0 _aFinance
_xComputer programs.
655 7 _aElectronic books.
_2local
710 2 _aebrary, Inc.
856 4 0 _uhttp://site.ebrary.com/lib/rucke/Doc?id=10497607
_zAn electronic book accessible through the World Wide Web; click to view
999 _c231838
_d231838